00711nam a2200169 a 450000100100000000500170001000800410002704000250006808200140009324500760010726000800018330000270026304900090029095201120029995201130041199900170052400003034220200930062250.0110510s1994 dr 000 0 spa d aDO-SdBNPbspacBNPHU axxxxbQ3u03aLo que usted debe saber sobre las enfermedades de transmisión sexual. aSanto Domingo :bCentro de Orientación e Investigación Integral,c1994. a15 p. :bil. ;c20 cm. aBNPD 0010718PDaPDbPDcCTd2011-05-10iLF1l0oxxxx Q3up30342-10r2020-06-25w2020-06-25yLFPDZNo se presta 00107-18PDaPDbPDcOId2011-05-10iLF1l0oxxxx Q3up30343-10r2020-06-25w2020-06-25yLFPDZNo se presta c29834d29834